Statistics for Fact chest

Click here to take the quiz!

General Stats

  • This quiz has been taken 18 times
  • The average score is 7 of 12

Answer Stats

HintAnswer% Correct
Capital of KazakhstanAstana
82%
Who invented the airplane?The Wright Brothers
82%
What scripture does Judaism follow?Torah
71%
SECRET PASSWORD:12496793908057
53%
Enter Password to unlock facts:12496793908057
53%
TOP SECRET1. The country Bolivia has two capitals, La Paz and Sucre.
53%
TOP SECRET2. Christianity originated in the Middle East
53%
How many articles are there in parsing?3
53%
TOP SECRET3. Australia has no official language
53%
TOP SECRET4. Greenland is part of Denmark
53%
TOP SECRET5. South America controls the Galapagos islands, located in Oceania
53%
Who sang the song Thunder?Imagine Dragons
53%

Score Distribution

Percentile by Number Answered

Percent of People with Each Score

Your Score History

You have not taken this quiz